Vista normal
Vista MARC
Entrada Nombre geográfico
Número de registros utilizados en: 1
001 - NÚMERO DE CONTROL
- campo de control: 89714
003 - IDENTIFICADOR DEL NÚMERO DE CONTROL
- campo de control: DO-SdBNP
005 - FECHA Y HORA DE LA ÚLTIMA TRANSACCIÓN
- campo de control: 20260524005308.0
008 - DATOS DE LONGITUD FIJA
- campo de control de longitud fija: 260524|| aza||aabn | a|a d
040 ## - FUENTE DE LA CATALOGACIÓN
- Centro catalogador/agencia de origen: DO-SdBNP
- Centro/agencia transcriptor: DO-SdBNP
151 ## - ENCABEZAMIENTO--NOMBRE GEOGRÁFICO
- Nombre geográfico: República Dominicana
- Subdivisión general: Realciones
- Subdivisión geográfica: Puerto Rico
670 ## - FUENTE DE DATOS ENCONTRADOS
- Cita de la fuente: Work cat.: (DO-SdBNP)56197: Rodríguez Beruff, Jorge, autor aut. 11765, Entre islas :
